| 000 | 00620nam a22001697a 4500 | ||
|---|---|---|---|
| 020 | _qHard Cover. | ||
| 082 | _a620.1 | ||
| 100 | _aKiani, Maria Mehboob | ||
| 245 |
_aSynthesis Of 99m Tc-HYNIC-5-Fu As Imaging Probe Its Biodistribution Studies In Animal Model / _cMaria Mehboob Kiani. |
||
| 260 |
_aIslamabad: _bSMME - NUST. _c2017. |
||
| 300 |
_a55 p.: ill.; _c30cm. |
||
| 650 |
_aMechanical Engineering MS-Thesis. _916090 |
||
| 700 |
_aDr. Muhammad Nabee Anwar. _921332 |
||
| 856 | _uhttp://10.250.8.41:8080/xmlui/handle/123456789/35624 | ||
| 942 |
_2ddc _cTHE |
||
| 999 |
_c529384 _d529384 |
||